| 000 -LEADER |
| fixed length control field |
00996cam a22002538i 4500 |
| 003 - CONTROL NUMBER IDENTIFIER |
| control field |
OSt |
| 005 - DATE AND TIME OF LATEST TRANSACTION |
| control field |
20240430085331.0 |
| 008 - FIXED-LENGTH DATA ELEMENTS--GENERAL INFORMATION |
| fixed length control field |
180802s2019 nyu b 000 0 eng |
| 020 ## - INTERNATIONAL STANDARD BOOK NUMBER |
| International Standard Book Number |
9780415735575 (pbk.) |
| 082 00 - DEWEY DECIMAL CLASSIFICATION NUMBER |
| Classification number |
307.121 |
| Edition number |
23 |
| Item number |
MAC |
| 100 1# - MAIN ENTRY--PERSONAL NAME |
| Personal name |
MacCallum, Diana, |
| Relator term |
author. |
| 245 10 - TITLE STATEMENT |
| Title |
Doing research in urban and regional planning : |
| Remainder of title |
methods and methodology for beginners / |
| Statement of responsibility, etc |
Diana MacCallum, Courtney Babb and Carey Curtis. |
| 263 ## - PROJECTED PUBLICATION DATE |
| Projected publication date |
1901 |
| 300 ## - PHYSICAL DESCRIPTION |
| Extent |
pages cm |
| 504 ## - BIBLIOGRAPHY, ETC. NOTE |
| Bibliography, etc |
Includes bibliographical references. |
| 650 #0 - SUBJECT ADDED ENTRY--TOPICAL TERM |
| Topical term or geographic name as entry element |
City planning |
| General subdivision |
Research. |
| 650 #0 - SUBJECT ADDED ENTRY--TOPICAL TERM |
| Topical term or geographic name as entry element |
Regional planning |
| General subdivision |
Research. |
| 700 1# - ADDED ENTRY--PERSONAL NAME |
| Personal name |
Babb, Courtney, |
| Relator term |
author. |
| 700 1# - ADDED ENTRY--PERSONAL NAME |
| Personal name |
Curtis, Carey, |
| Relator term |
author. |
| 776 08 - ADDITIONAL PHYSICAL FORM ENTRY |
| Display text |
Online version: |
| Main entry heading |
MacCallum, Diana, author. |
| Title |
Doing research in urban and regional planning |
| Place, publisher, and date of publication |
New York : Routledge, 2019 |
| International Standard Book Number |
9781315818894 |
| Record control number |
(DLC) 2018038821 |
| 906 ## - LOCAL DATA ELEMENT F, LDF (RLIN) |
| a |
7 |
| b |
cbc |
| c |
orignew |
| d |
1 |
| e |
ecip |
| f |
20 |
| g |
y-gencatlg |
| 942 ## - ADDED ENTRY ELEMENTS (KOHA) |
| Source of classification or shelving scheme |
|
| 955 ## - COPY-LEVEL INFORMATION (RLIN) |
| Book number/undivided call number, CCAL (RLIN) |
rk11 2018-08-02 |
| Copy information and material description, CCAL + MDES (RLIN) |
rk11 2018-08-02 to SS for subj. |